[Event "Championnat de France - Open C"]
[Site "PAU"]
[Date "2012.08.19"]
[Round "6.6"]
[White "Jean, Robert"]
[Black "Baroudel, Jacques"]
[Result "0-1"]
[WhiteElo "1721"]
[BlackElo "1779"]
[PlyCount "60"]

1. c4 e5 2. g3 Nc6 3. Bg2 g6 4. Nc3 Bg7 5. e4 d6 6. Nge2 Be6 7. d3 Qd7 8. Nd5
Nce7 9. O-O c6 10. Nxe7 Nxe7 11. Be3 Bh3 12. Qd2 h5 13. f3 Bxg2 14. Kxg2 f5 15.
f4 h4 16. Rad1 hxg3 17. hxg3 fxe4 18. Rh1 Rxh1 19. Rxh1 exd3 20. Qxd3 d5 21.
Rh7 e4 22. Qd2 Nf5 23. Nd4 Nxe3+ 24. Qxe3 Bxd4 25. Rxd7 Bxe3 26. Rg7 Kf8 27.
Rxg6 d4 28. Rd6 Ke7 29. Rh6 d3 30. Kf1 Rg8 0-1

[Event "Championnat de France - Open C"]
[Site "PAU"]
[Date "2012.08.19"]
[Round "6.7"]
[White "Gillet, Noel"]
[Black "Rioland, Paul"]
[Result "0-1"]
[WhiteElo "1711"]
[BlackElo "1749"]
[PlyCount "154"]

1. d4 Nf6 2. c4 g6 3. Nc3 d5 4. cxd5 Nxd5 5. e4 Nxc3 6. bxc3 Bg7 7. Nf3 c5 8.
Rb1 O-O 9. Be2 Qa5 10. Bd2 Qxa2 11. d5 Qa5 12. Qc2 e5 13. O-O Qc7 14. Bc4 a6
15. Qa2 Ra7 16. Be3 b5 17. d6 Qxd6 18. Bxb5 Be6 19. Qa3 Rc8 20. Rfd1 Qe7 21.
Be2 a5 22. Bb5 Ra8 23. Ng5 Bf8 24. Nxe6 Qxe6 25. c4 Qe7 26. Qa4 Qc7 27. h3 Nc6
28. Rd5 Nd4 29. Rd7 Qb6 30. Qd1 Qe6 31. Bxd4 exd4 32. Qf3 Rcb8 33. Rc7 Bd6 34.
Rc6 Qe5 35. g3 Rf8 36. Ba4 Rab8 37. Rcb6 Rxb6 38. Rxb6 Bc7 39. Rb5 Rd8 40. Qd3
Qd6 41. h4 f6 42. Rb1 Kf8 43. Kg2 Kg7 44. Rb3 Rb8 45. Rxb8 Bxb8 46. Bc2 Qb6 47.
Qa3 Bd6 48. Qb3 Qb4 49. Qa4 Kf8 50. Qd7 Be7 51. Ba4 Qb8 52. Qb5 Qa8 53. Qc6 Qe8
54. Qd7 Qb8 55. Qb5 Qxb5 56. Bxb5 Bd6 57. Ba4 Ke7 58. f4 g5 59. f5 gxh4 60.
gxh4 Bf4 61. Kf3 Bc1 62. Kg4 Kd6 63. Kf3 Ke5 64. h5 Bh6 65. Bc2 a4 66. Bxa4 d3
67. Bd1 Kd4 68. Ba4 Kxc4 69. e5 fxe5 70. f6 Bg5 71. f7 Be7 72. Ke3 Kc3 73. Bd1
c4 74. Bg4 Bf8 75. Bd1 Bc5+ 76. Ke4 Kd2 77. Ba4 c3 0-1

[Event "Championnat de France - Open C"]
[Site "PAU"]
[Date "2012.08.19"]
[Round "6.8"]
[White "Le Gluher, Thomas"]
[Black "Verwee, Johann"]
[Result "0-1"]
[WhiteElo "1646"]
[BlackElo "1749"]
[PlyCount "102"]

1. e4 c5 2. c3 d5 3. exd5 Qxd5 4. d4 Nf6 5. Nf3 Bg4 6. Be2 e6 7. O-O Nc6 8. Be3
cxd4 9. Bxd4 Nxd4 10. Nxd4 Bxe2 11. Qxe2 Bc5 12. Rd1 Rd8 13. b4 Bxd4 14. Rxd4
Qc6 15. Rxd8+ Kxd8 16. c4 Ke7 17. Nc3 Rd8 18. Rd1 Rxd1+ 19. Nxd1 Qa4 20. b5 Qb4
21. Nb2 Qa3 22. Nd3 Qc3 23. Ne1 Ne8 24. Nc2 Nd6 25. Ne3 Qa1+ 26. Nf1 Qc1 27.
Qh5 Qxc4 28. Qxh7 g6 29. Qh6 Nxb5 30. Qe3 b6 31. h3 Nc3 32. Nd2 Ne2+ 33. Kh2
Qf4+ 34. Qxf4 Nxf4 35. Kg3 Nd5 36. Kg4 b5 37. Kg5 Nb4 38. a3 Nc2 39. Nb1 a5 40.
g4 Nd4 41. Nd2 b4 42. axb4 axb4 43. h4 b3 44. h5 b2 45. Kh6 gxh5 46. gxh5 Kf6
47. f4 Nf5+ 48. Kh7 Ne7 49. h6 Ng6 50. Kg8 Nxf4 51. h7 Ng6 0-1

[Event "Championnat de France - Open C"]
[Site "PAU"]
[Date "2012.08.19"]
[Round "6.9"]
[White "Jrade, Willis"]
[Black "Danielian, Kevin"]
[Result "0-1"]
[WhiteElo "1745"]
[BlackElo "1711"]
[PlyCount "118"]

1. e4 e6 2. d4 d5 3. e5 c5 4. c3 Qb6 5. Nf3 Nc6 6. Be2 Bd7 7. O-O Nh6 8. Bxh6
gxh6 9. Qd2 Bg7 10. Na3 O-O 11. Nc2 cxd4 12. cxd4 f6 13. exf6 Rxf6 14. Ne3 Raf8
15. Rab1 Rf4 16. Ne5 Bxe5 17. dxe5 Nxe5 18. Rbd1 Qd6 19. Qa5 Nc6 20. Qd2 Rd4
21. Qc3 Rxd1 22. Rxd1 Qe5 23. Qxe5 Nxe5 24. Rc1 Bc6 25. Re1 Kg7 26. Ng4 Nxg4
27. Bxg4 Bd7 28. Rc1 Rc8 29. Rxc8 Bxc8 30. Kf1 Kf6 31. Ke1 Ke5 32. Kd2 Bd7 33.
Be2 Be8 34. Bd3 Bg6 35. Be2 Kd4 36. a3 e5 37. g3 e4 38. Bd1 Kc4 39. b3+ Kc5 40.
Ke3 d4+ 41. Kd2 Bf7 42. Kc2 a6 43. Kd2 a5 44. Kc2 b5 45. Kd2 d3 46. Ke3 Bd5 47.
g4 Bc6 48. h4 Bd5 49. g5 hxg5 50. hxg5 Bc6 51. Bg4 b4 52. a4 Bxa4 53. bxa4 b3
54. Be6 b2 55. Ba2 Kb4 56. Bb1 Kc3 57. f4 exf3 58. Bxd3 f2 59. Ke2 f1=Q+ 0-1

[Event "Championnat de France - Open C"]
[Site "PAU"]
[Date "2012.08.19"]
[Round "6.10"]
[White "Gobbetto, Jean-Claude"]
[Black "Nassar, Christophe"]
[Result "1/2-1/2"]
[WhiteElo "1737"]
[BlackElo "1710"]
[PlyCount "99"]

1. d4 Nf6 2. Nf3 g6 3. e3 Bg7 4. b3 c5 5. Bb2 cxd4 6. exd4 d5 7. Nbd2 Nc6 8. a3
Ne4 9. Bb5 Qa5 10. Bxc6+ bxc6 11. b4 Qb6 12. Nb3 e5 13. O-O exd4 14. Bxd4 Bxd4
15. Qxd4 Qxd4 16. Nfxd4 Bd7 17. Rfe1 O-O 18. f3 Nf6 19. Nc5 Rac8 20. Re7 Rfd8
21. Rae1 Kf8 22. Kf2 Ne4+ 23. fxe4 Kxe7 24. exd5+ Kf8 25. Nb7 Re8 26. Rxe8+
Bxe8 27. Nd6 Rd8 28. Nxe8 Kxe8 29. Nxc6 Rxd5 30. Nxa7 Rd2+ 31. Kf3 Rxc2 32. Nb5
Kd7 33. h3 Rc4 34. Ke3 Rc2 35. g3 Rg2 36. Kf3 Ra2 37. Kf4 Kc6 38. Nd4+ Kd5 39.
Nb5 Kc4 40. Nd6+ Kb3 41. b5 Ka4 42. b6 Rxa3 43. Nxf7 Rb3 44. Ng5 h5 45. g4 Rb4+
46. Kg3 Rxb6 47. gxh5 gxh5 48. Kh4 Rb3 49. Kxh5 Rxh3+ 50. Nxh3 1/2-1/2

[Event "Championnat de France - Open C"]
[Site "PAU"]
[Date "2012.08.21"]
[Round "7.1"]
[White "Vernay, Gaspard"]
[Black "Benezra, Amos"]
[Result "1-0"]
[WhiteElo "1628"]
[BlackElo "1611"]
[PlyCount "123"]

1. d4 Nf6 2. c4 g6 3. Nc3 Bg7 4. e4 d6 5. Nf3 O-O 6. Be2 Na6 7. O-O e5 8. h3
exd4 9. Nxd4 Nc5 10. Bf3 Re8 11. Re1 a5 12. Nb3 Ne6 13. Be3 Nf8 14. Qc2 Be6 15.
Nd5 Bxd5 16. exd5 N8d7 17. Bd2 b6 18. Rxe8+ Nxe8 19. Re1 Ne5 20. Be2 Qd7 21. f4
Qe7 22. fxe5 Bxe5 23. Bc3 Qh4 24. Rf1 Bf4 25. Qd3 Qg5 26. Bd2 Bxd2 27. Nxd2 Qe5
28. b3 f5 29. Nf3 Qe7 30. Nd4 Ng7 31. g4 Re8 32. Rf2 Qg5 33. Nf3 Qf4 34. Nh2
Qg5 35. Bf1 Re3 36. Qd2 Rg3+ 37. Kh1 Qh4 38. Nf3 Rxh3+ 39. Bxh3 Qxh3+ 40. Nh2
fxg4 41. Qf4 h5 42. Qf8+ Kh7 43. Rf7 Qc3 44. Rxc7 Qe1+ 45. Qf1 Qe4+ 46. Qg2
Qe1+ 47. Nf1 h4 48. Kg1 g3 49. Qf3 Qe5 50. Qg4 Qf6 51. Nxg3 hxg3 52. Qh3+ Kg8
53. Rc8+ Kf7 54. Qd7+ Qe7 55. Qxe7+ Kxe7 56. Rb8 Nf5 57. Rxb6 Kf6 58. c5 Ke5
59. c6 Kxd5 60. c7 Ne7 61. Rb8 Ke4 62. Re8 1-0

[Event "Championnat de France - Open C"]
[Site "PAU"]
[Date "2012.08.21"]
[Round "7.2"]
[White "Dietrich, Thomas"]
[Black "Dautheville, Simon"]
[Result "0-1"]
[WhiteElo "1729"]
[BlackElo "1782"]
[Annotator "Rivier,Sylvain"]
[PlyCount "63"]

1. d3 d5 2. e4 dxe4 3. dxe4 Qxd1+ 4. Kxd1 Nf6 5. f3 Nc6 6. Be3 Bd7 7. Nd2 O-O-O
8. Bc4 e6 9. c3 Na5 10. Be2 b6 11. b4 Nb7 12. a4 a5 13. b5 Nc5 14. Kc2 Rg8 15.
Nh3 h6 16. Nf4 g5 17. Nd3 Nxd3 18. Bxd3 Ne8 19. e5 Ng7 20. g4 Be7 21. Ne4 Ne8
22. c4 f5 23. exf6 Nxf6 24. Nd2 Be8 25. Nb3 Nd7 26. h4 Ne5 27. Be2 Bg6+ 28. Kb2
Nd3+ 29. Bxd3 Rxd3 30. hxg5 hxg5 31. Rac1 Bf6+ 32. Ka2 {suite illisible} 0-1

[Event "Championnat de France - Open C"]
[Site "PAU"]
[Date "2012.08.21"]
[Round "7.3"]
[White "Baroudel, Jacques"]
[Black "Danielian, Kevin"]
[Result "0-1"]
[WhiteElo "1779"]
[BlackElo "1711"]
[PlyCount "54"]

1. e4 e6 2. d4 d5 3. exd5 exd5 4. Bd3 Nf6 5. Ne2 Bd6 6. Nd2 O-O 7. O-O c5 8.
Nf3 Bg4 9. Ng3 Re8 10. h3 Bxg3 11. fxg3 Bh5 12. g4 Bg6 13. Bg5 Nbd7 14. Bxg6
hxg6 15. Qd3 Qb6 16. b3 Re6 17. Rae1 Rae8 18. Rxe6 Rxe6 19. Bf4 Ne4 20. Be5
Nxe5 21. Nxe5 Rxe5 22. c4 Re6 23. cxd5 cxd4 24. Rc1 Rc6 25. Rf1 Rc3 26. Qd1 Qa6
27. Qe1 Qxa2 0-1

[Event "Championnat de France - Open C"]
[Site "PAU"]
[Date "2012.08.21"]
[Round "7.4"]
[White "Finkel, Julie"]
[Black "Rioland, Paul"]
[Result "0-1"]
[WhiteElo "1703"]
[BlackElo "1749"]
[PlyCount "104"]

1. e4 c5 2. b3 e6 3. Bb2 d5 4. exd5 exd5 5. Bb5+ Nc6 6. d4 Nf6 7. Nf3 Bg4 8.
O-O Be7 9. dxc5 O-O 10. Be2 Bxc5 11. a3 Qe7 12. Nc3 Rfe8 13. Nxd5 Nxd5 14. Qxd5
Rad8 15. Qc4 Be6 16. Qc3 Nd4 17. Rfe1 Bb6 18. Kf1 Qf6 19. Rad1 Nxf3 20. Qxf6
Nxh2+ 21. Kg1 gxf6 22. Kxh2 Rxd1 23. Bxd1 Bxf2 24. Rf1 Bh4 25. Bxf6 Bxf6 26.
Rxf6 Rd8 27. Bf3 b6 28. Be4 Kg7 29. Rf3 h5 30. Kg3 Bg4 31. Rd3 Rc8 32. Rd6 f5
33. Bd3 Rc7 34. c4 Re7 35. Kf4 Rf7 36. Kg5 f4 37. Bg6 Kf8 38. Rf6 Rxf6 39. Kxf6
f3 40. Be4 fxg2 41. Bxg2 Ke8 42. Ke5 Kd7 43. b4 h4 44. Kd5 h3 45. Be4 Kc7 46.
Kd4 Bd7 47. Ke3 Kd6 48. Kf4 Be6 49. Bd3 Bxc4 50. Be4 Bd5 51. Bxd5 Kxd5 52. Kg3
Kc4 0-1

[Event "Championnat de France - Open C"]
[Site "PAU"]
[Date "2012.08.21"]
[Round "7.5"]
[White "Verwee, Johann"]
[Black "Thomas, Apolline"]
[Result "0-1"]
[WhiteElo "1749"]
[BlackElo "1699"]
[PlyCount "80"]

1. e4 e5 2. Nf3 Nc6 3. Bb5 a6 4. Ba4 Nf6 5. O-O b5 6. Bb3 Bc5 7. Nxe5 Nxe5 8.
d4 Bxd4 9. Qxd4 d6 10. c3 c5 11. Qd1 Bb7 12. Re1 O-O 13. Bg5 h6 14. Bxf6 Qxf6
15. Bd5 Bxd5 16. Qxd5 c4 17. Re2 Nd3 18. a4 Nf4 19. Qd1 Qg5 20. f3 Nxe2+ 21.
Qxe2 Rfe8 22. Qd2 Qxd2 23. Nxd2 Red8 24. Kf2 d5 25. axb5 axb5 26. Rxa8 Rxa8 27.
exd5 Rd8 28. Ke3 Rxd5 29. Nb1 f5 30. g4 g6 31. Na3 Kf7 32. Nc2 Re5+ 33. Kf4 Re2
34. Nd4 Rxb2 35. gxf5 gxf5 36. Kxf5 b4 37. Nb5 bxc3 38. Nd6+ Kg7 39. Nxc4 Rb5+
40. Ke4 c2 0-1

[Event "Championnat de France - Open C"]
[Site "PAU"]
[Date "2012.08.21"]
[Round "7.6"]
[White "Billiar-Bourgy, Vincent"]
[Black "Banana, Adnane"]
[Result "1-0"]
[WhiteElo "1680"]
[BlackElo "1798"]
[PlyCount "63"]

1. e4 g6 2. d4 Bg7 3. Nf3 c6 4. c3 d5 5. e5 Bg4 6. Be2 e6 7. Nbd2 Ne7 8. h3
Bxf3 9. Nxf3 O-O 10. Bg5 h6 11. Bf4 Nd7 12. Qd2 Kh7 13. g4 c5 14. h4 f5 15. h5
g5 16. Bxg5 fxg4 17. Bxe7 Qxe7 18. Nh4 Qf7 19. Bxg4 cxd4 20. cxd4 Rac8 21. Ng6
Rfe8 22. Qd3 Kg8 23. O-O Nf8 24. Rac1 Rxc1 25. Rxc1 Nxg6 26. Qxg6 Qxg6 27. hxg6
Re7 28. f4 h5 29. Rc8+ Bf8 30. Bxh5 Kg7 31. Bg4 b6 32. Bxe6 1-0

[Event "Championnat de France - Open C"]
[Site "PAU"]
[Date "2012.08.21"]
[Round "7.7"]
[White "Battistella, Valentin"]
[Black "Apap, Hugo"]
[Result "1/2-1/2"]
[WhiteElo "1696"]
[BlackElo "1769"]
[PlyCount "101"]

1. e4 d6 2. Nc3 Nf6 3. d4 e5 4. dxe5 dxe5 5. Qxd8+ Kxd8 6. Bg5 c6 7. O-O-O+ Kc7
8. Bc4 Be6 9. Bxe6 fxe6 10. f3 Bc5 11. Nge2 b5 12. Kb1 Nbd7 13. Nc1 h6 14. Bd2
g5 15. h3 Nh5 16. N3e2 Bb6 17. b4 c5 18. bxc5 Bxc5 19. Nb3 Bb6 20. Ba5 Bxa5 21.
Nxa5 Nc5 22. Nb3 Nxb3 23. cxb3 Nf4 24. Rc1+ Kb6 25. Nxf4 exf4 26. Kb2 Rhd8 27.
b4 Rd2+ 28. Rc2 Rad8 29. Rhc1 R8d4 30. Rxd2 Rxd2+ 31. Rc2 Rd3 32. Rc3 Rd2+ 33.
Rc2 Rd4 34. a3 Kb7 35. Kc3 Rd1 36. Rd2 Rg1 37. Kd4 Ra1 38. Rd3 Ra2 39. Ke5 Rxg2
40. Kxe6 Rg3 41. Kf7 Rxh3 42. e5 g4 43. e6 Rxf3 44. Rxf3 gxf3 45. e7 f2 46.
e8=Q f1=Q 47. Qd7+ Kb6 48. Qd6+ Kb7 49. Qd7+ Kb6 50. Qd6+ Kb7 51. Qd7+ 1/2-1/2

[Event "Championnat de France - Open C"]
[Site "PAU"]
[Date "2012.08.21"]
[Round "7.8"]
[White "Bertrand, Alexandre"]
[Black "Gobbetto, Jean-Claude"]
[Result "1/2-1/2"]
[WhiteElo "1671"]
[BlackElo "1737"]
[PlyCount "104"]

1. e4 Nc6 2. d4 d5 3. e5 Bf5 4. f4 e6 5. Nf3 Be7 6. c3 f6 7. Bb5 Qd7 8. Be3 a6
9. Ba4 Bg4 10. Nbd2 f5 11. Qc1 b5 12. Bd1 Na5 13. Be2 Bxf3 14. Nxf3 Nc4 15. O-O
Nh6 16. h3 Nf7 17. Bxc4 bxc4 18. Qc2 O-O 19. Rfb1 Rfb8 20. b3 Qb5 21. b4 c6 22.
a4 Qb7 23. Rb2 Qc7 24. Raa2 Rb7 25. Ng5 Nxg5 26. fxg5 Bf8 27. Qd1 Qf7 28. a5 g6
29. g4 Raa7 30. Rg2 Bg7 31. Raf2 Qe8 32. gxf5 exf5 33. h4 Qe6 34. h5 Rf7 35.
Bf4 Bf8 36. Rg3 gxh5 37. Rh2 Qg6 38. Rxh5 Kh8 39. Rgh3 Rfe7 40. Qf3 Re6 41. Kf2
Rb7 42. Bc1 Ra7 43. Qh1 Rb7 44. Kg3 Kg8 45. Kf4 Rbe7 46. b5 axb5 47. Ba3 Rg7
48. Bb4 Be7 49. Rg3 Bf8 50. Rgh3 Be7 51. Rg3 Bf8 52. Rgh3 Be7 1/2-1/2

[Event "Championnat de France - Open C"]
[Site "PAU"]
[Date "2012.08.21"]
[Round "7.9"]
[White "Boursier, Marianne"]
[Black "Brebant, Eric"]
[Result "1-0"]
[WhiteElo "1724"]
[BlackElo "1681"]
[PlyCount "83"]

1. c4 b6 2. Nf3 Bb7 3. d4 e6 4. Bf4 Nf6 5. h3 c5 6. e3 cxd4 7. Nxd4 Nc6 8. Nb5
e5 9. Bh2 d6 10. N1c3 Be7 11. Nd5 O-O 12. Nbc3 Nxd5 13. cxd5 Nb8 14. Bd3 Nd7
15. O-O f5 16. f3 Rc8 17. Rc1 Nc5 18. Bb1 f4 19. exf4 exf4 20. b4 Nd7 21. Qd3
g6 22. Qd2 Bf6 23. Ne2 g5 24. Kh1 Ne5 25. Bg1 Ba6 26. Rxc8 Qxc8 27. Rc1 Qd7 28.
Nd4 Rc8 29. Rxc8+ Qxc8 30. b5 Bb7 31. Nc6 a6 32. a4 axb5 33. axb5 Qa8 34. Qc2
Ng6 35. Qf5 Kg7 36. Qd7+ Kh6 37. Qxd6 Qa1 38. Bxg6 Kxg6 39. Kh2 Bxc6 40. bxc6
Qe1 41. c7 Qc1 42. Bd4 1-0

[Event "Championnat de France - Open C"]
[Site "PAU"]
[Date "2012.08.21"]
[Round "7.10"]
[White "Drochon, Francois"]
[Black "Luis, Henri"]
[Result "1-0"]
[WhiteElo "1719"]
[BlackElo "1680"]
[PlyCount "127"]

1. d4 e6 2. Nf3 f5 3. c4 Nf6 4. g3 b6 5. Bg2 Bb7 6. O-O Be7 7. Nc3 O-O 8. Bg5
d6 9. Rc1 Nbd7 10. Qc2 h6 11. Bxf6 Bxf6 12. e4 Be7 13. Rcd1 c5 14. d5 fxe4 15.
Nxe4 exd5 16. cxd5 Nf6 17. Nxf6+ Rxf6 18. Nh4 Bc8 19. Be4 Bh3 20. Rfe1 g5 21.
Nf5 Bf8 22. Bd3 Qd7 23. Ne3 Bg7 24. Rd2 Raf8 25. Bg6 Rf3 26. Bh5 g4 27. Qg6
R8f6 28. Qe8+ Qxe8 29. Bxe8 Rf8 30. Bd7 Bd4 31. Nd1 Be5 32. b3 h5 33. Re3 Rxe3
34. Nxe3 Kh7 35. Nc4 Bd4 36. Be6 Rd8 37. Re2 b5 38. Ne3 Kg6 39. Nf5 Be5 40. Ne3
Kg5 41. Rc2 Kf6 42. Nf5 a5 43. Nh4 Kg7 44. Nf5+ Kf6 45. Ne3 Rb8 46. f4 Bd4 47.
Kf2 a4 48. Ke2 axb3 49. axb3 Ra8 50. Nf5 Bg1 51. Nxd6 Ra1 52. Ne4+ Ke7 53. f5
Bf1+ 54. Kd2 c4 55. f6+ Kd8 56. bxc4 bxc4 57. d6 Bd3 58. f7 Rf1 59. Rb2 Ba7 60.
Rb7 Bxe4 61. Rd7+ Kc8 62. Rxa7+ Kb8 63. Re7 Rf2+ 64. Ke3 1-0

[Event "Championnat de France - Open C"]
[Site "PAU"]
[Date "2012.08.22"]
[Round "8.1"]
[White "Rioland, Paul"]
[Black "Vernay, Gaspard"]
[Result "1-0"]
[WhiteElo "1749"]
[BlackElo "1628"]
[PlyCount "79"]

1. e4 e6 2. d4 d5 3. e5 c5 4. c3 Nc6 5. Nf3 Qb6 6. a3 Bd7 7. b4 cxd4 8. cxd4 a6
9. Bb2 Be7 10. Nc3 Nh6 11. Na4 Qc7 12. Bd3 f6 13. O-O O-O 14. Re1 fxe5 15. Nxe5
Nxe5 16. dxe5 b5 17. Rc1 Qa7 18. Nc5 Bxc5 19. Rxc5 Rac8 20. Qc2 g6 21. Bxg6 Bc6
22. Bd3 Qf7 23. Bd4 Bd7 24. Qd2 Nf5 25. Rxc8 Bxc8 26. Bc5 Re8 27. Qe2 Bd7 28.
h3 Rc8 29. Qg4+ Qg6 30. Bxf5 exf5 31. Qf4 Rc6 32. Re3 Qe8 33. Rd3 Qf7 34. Qd4
Rg6 35. Qxd5 Qxd5 36. Rxd5 Rxg2+ 37. Kf1 Rg7 38. Rd6 f4 39. e6 f3 40. exd7 1-0

[Event "Championnat de France - Open C"]
[Site "PAU"]
[Date "2012.08.22"]
[Round "8.2"]
[White "Dautheville, Simon"]
[Black "Benezra, Amos"]
[Result "1-0"]
[WhiteElo "1782"]
[BlackElo "1611"]
[PlyCount "51"]

1. d4 Nf6 2. c4 g6 3. Nc3 Bg7 4. e4 d6 5. Nf3 O-O 6. Be2 Na6 7. O-O e5 8. Be3
c6 9. Re1 exd4 10. Nxd4 Nc5 11. Qc2 Re8 12. f3 a5 13. Rad1 a4 14. Nxc6 Qb6 15.
Nd4 Bd7 16. Ndb5 Bf8 17. Kh1 Bxb5 18. Nxb5 Nfd7 19. Rd5 Nf6 20. Rd2 Re6 21.
Red1 Ne8 22. Nc3 Qc6 23. Nd5 Nd7 24. f4 Nef6 25. Bf3 Qa6 26. Nc7 1-0

[Event "Championnat de France - Open C"]
[Site "PAU"]
[Date "2012.08.22"]
[Round "8.3"]
[White "Thomas, Apolline"]
[Black "Billiar-Bourgy, Vincent"]
[Result "1-0"]
[WhiteElo "1699"]
[BlackElo "1680"]
[PlyCount "63"]

1. e4 d6 2. d4 Nf6 3. Nc3 g6 4. f4 Bg7 5. a3 O-O 6. Nf3 c5 7. dxc5 dxc5 8. Qxd8
Rxd8 9. e5 Ne8 10. Bc4 Bf5 11. Ng5 e6 12. Nge4 Bxe4 13. Nxe4 Rd4 14. Bd3 Bf8
15. Be3 Rd5 16. Bb5 Nc6 17. Bxc6 bxc6 18. Ke2 Rb8 19. Rab1 c4 20. Nd2 c3 21.
bxc3 Rxb1 22. Nxb1 Ra5 23. Rd1 Bxa3 24. Nxa3 Rxa3 25. Rd8 Rxc3 26. Rxe8+ Kg7
27. Kd2 Rc4 28. Bxa7 Rxf4 29. Bc5 h5 30. Rc8 Rg4 31. g3 h4 32. Bf2 1-0

[Event "Championnat de France - Open C"]
[Site "PAU"]
[Date "2012.08.22"]
[Round "8.4"]
[White "Danielian, Kevin"]
[Black "Dietrich, Thomas"]
[Result "0-1"]
[WhiteElo "1711"]
[BlackElo "1729"]
[PlyCount "110"]

1. d4 d5 2. c4 e6 3. Nc3 Nf6 4. Bf4 Be7 5. e3 O-O 6. Nf3 b6 7. cxd5 Nxd5 8.
Nxd5 exd5 9. Bd3 h6 10. O-O Bb7 11. Rc1 c5 12. Ne5 Nd7 13. Nxd7 Qxd7 14. dxc5
bxc5 15. b3 Rfd8 16. Qh5 Qc6 17. Qf5 Bf6 18. Be5 Bxe5 19. Qxe5 Rac8 20. Rc2 Ba6
21. Bxa6 Qxa6 22. Rfc1 c4 23. bxc4 dxc4 24. Qe4 c3 25. h3 Qa5 26. Qf3 Rd6 27.
Rd1 Rcd8 28. Rxd6 Rxd6 29. e4 Rc6 30. Qd3 Qb4 31. Kh2 Qb8+ 32. Qg3 Qb1 33. Qd3
Qb8+ 34. Qg3 Qb4 35. Qd3 a5 36. Qd8+ Kh7 37. Qd3 a4 38. e5+ g6 39. Qd5 Rc7 40.
e6 fxe6 41. Qxe6 Qc5 42. Qe3 Qxe3 43. fxe3 Kg7 44. Kg3 Kf6 45. Kf3 Ke5 46. g3
a3 47. g4 g5 48. Kf2 Kd5 49. Kf3 Kc4 50. Ke2 Rd7 51. e4 Rd8 52. Rc1 Rd2+ 53.
Ke3 Rxa2 54. e5 Rb2 55. e6 Rb6 0-1

[Event "Championnat de France - Open C"]
[Site "PAU"]
[Date "2012.08.22"]
[Round "8.5"]
[White "Nassar, Christophe"]
[Black "Boursier, Marianne"]
[Result "0-1"]
[WhiteElo "1710"]
[BlackElo "1724"]
[PlyCount "124"]

1. c4 c5 2. Nc3 Nc6 3. g3 g6 4. Bg2 Bg7 5. Nf3 d6 6. O-O Bf5 7. h3 Nf6 8. Re1
Nd7 9. e3 Nb4 10. e4 Be6 11. Nd5 Bxd5 12. exd5 Nd3 13. Re3 Nxb2 14. Bxb2 Bxb2
15. Rb1 Bf6 16. d4 b6 17. dxc5 bxc5 18. h4 O-O 19. Qe2 Rb8 20. Rxb8 Qxb8 21.
Ng5 Rc8 22. Qg4 Ne5 23. Qf4 Qc7 24. Ne4 Bg7 25. Ng5 h6 26. Rxe5 hxg5 27. Rxg5
Bh6 28. Rxg6+ fxg6 29. Qxh6 Kf7 30. Be4 Rg8 31. h5 gxh5 32. Bf5 Ke8 33. Qxh5+
Kd8 34. Qf7 Rh8 35. Qg7 Re8 36. Bg6 Qd7 37. Qf7 Rh8 38. Bh5 Qh3 39. g4 Qc3 40.
Kg2 Qe5 41. f4 Qe2+ 42. Kg3 Qe1+ 43. Kh3 Qc3+ 44. Kh4 Qf6+ 45. Qxf6 exf6 46. g5
fxg5+ 47. fxg5 Ke7 48. Kg4 Rb8 49. Kf5 Rb2 50. a4 Rf2+ 51. Ke4 Kf8 52. Bg4 Kg7
53. Bd7 Kg6 54. Bb5 Kxg5 55. Ke3 Rf4 56. Ba6 Kf5 57. Bb5 Ke5 58. a5 Rh4 59. a6
Rh3+ 60. Kd2 Kd4 61. Kc2 Rc3+ 62. Kd2 Rxc4 0-1

[Event "Championnat de France - Open C"]
[Site "PAU"]
[Date "2012.08.22"]
[Round "8.6"]
[White "Goulesque, Camille"]
[Black "Drochon, Francois"]
[Result "1-0"]
[WhiteElo "1703"]
[BlackElo "1719"]
[PlyCount "85"]

1. e4 c6 2. Nc3 d5 3. Qe2 d4 4. Nd1 e5 5. g3 Nf6 6. Bg2 Be6 7. d3 h6 8. f4 Bg4
9. Nf3 Bd6 10. Nf2 Bxf3 11. Qxf3 Nbd7 12. O-O Qc7 13. Bd2 O-O-O 14. c3 Bc5 15.
c4 Rdf8 16. b4 Be7 17. Bh3 Kb8 18. Ng4 Ka8 19. a4 h5 20. Nxe5 Nxe5 21. fxe5 Ng4
22. Bxg4 hxg4 23. Qxg4 Qxe5 24. Rf5 Qc7 25. Raf1 Qc8 26. R5f4 Qd8 27. Rxf7 Bf6
28. Rxf8 Rxf8 29. Rf5 b6 30. e5 Be7 31. Rxf8 Bxf8 32. b5 Kb7 33. Qe4 Qd7 34. e6
Qd6 35. Bf4 Qc5 36. Qxc6+ Qxc6 37. bxc6+ Kxc6 38. Bg5 Kd6 39. e7 Bxe7 40. Bxe7+
Kxe7 41. Kf2 Kf6 42. Kf3 Kf5 43. h4 1-0

[Event "Championnat de France - Open C"]
[Site "PAU"]
[Date "2012.08.22"]
[Round "8.7"]
[White "Gillet, Noel"]
[Black "Le Bail, Stephane"]
[Result "0-1"]
[WhiteElo "1711"]
[BlackElo "1785"]
[PlyCount "48"]

1. d4 d5 2. c4 e6 3. Nc3 Nf6 4. cxd5 exd5 5. Bg5 Be7 6. e3 O-O 7. Qc2 c6 8. Bd3
h6 9. Bh4 Nbd7 10. Nge2 Re8 11. O-O Nf8 12. f3 Nh5 13. Bxe7 Qxe7 14. e4 Nf6 15.
Kh1 Be6 16. Nf4 Rac8 17. Rae1 Qb4 18. Qf2 c5 19. exd5 Bd7 20. dxc5 Qxf4 21. Be4
Nxe4 22. Nxe4 Rcd8 23. Rc1 Bb5 24. Rfe1 Rxe4 0-1

[Event "Championnat de France - Open C"]
[Site "PAU"]
[Date "2012.08.22"]
[Round "8.8"]
[White "Rocland, Christophe"]
[Black "Baroudel, Jacques"]
[Result "0-1"]
[WhiteElo "1709"]
[BlackElo "1779"]
[PlyCount "60"]

1. d4 f5 2. e4 fxe4 3. Nc3 Nf6 4. Bg5 e6 5. Nxe4 Be7 6. Bd3 g6 7. Bh6 Bf8 8.
Bxf8 Kxf8 9. Qf3 Kg7 10. Ng5 Rf8 11. Qe2 Nc6 12. N1f3 Nd5 13. g3 Qf6 14. Qe4
Ndb4 15. O-O-O h6 16. h4 d5 17. Qe3 hxg5 18. Nxg5 Bd7 19. h5 Nxd3+ 20. Rxd3
Qxf2 21. Nxe6+ Bxe6 22. Qxe6 Qf5 23. Qe2 Rae8 24. Qg2 Re4 25. hxg6 Qxg6 26. Qh3
Nb4 27. Rd2 Rfe8 28. Qh2 Re1+ 29. Rxe1 Rxe1+ 30. Rd1 Qg5+ 0-1

[Event "Championnat de France - Open C"]
[Site "PAU"]
[Date "2012.08.22"]
[Round "8.9"]
[White "Apap, Hugo"]
[Black "Finkel, Julie"]
[Result "1/2-1/2"]
[WhiteElo "1769"]
[BlackElo "1703"]
[PlyCount "109"]

1. d4 d6 2. c4 g6 3. Nc3 Bg7 4. e4 Nf6 5. f3 O-O 6. Be3 c6 7. Bd3 Na6 8. Nge2
Nc7 9. O-O d5 10. e5 Nd7 11. c5 b6 12. b4 Ne6 13. f4 f5 14. Qd2 Bb7 15. h3 a5
16. a3 Ba6 17. Rfc1 Bxd3 18. Qxd3 axb4 19. axb4 bxc5 20. dxc5 g5 21. Nd4 Nxd4
22. Qxd4 gxf4 23. Bxf4 Qc7 24. Rxa8 Rxa8 25. Nxd5 Qd8 26. Nb6 Nxe5 27. Bxe5
Qxd4+ 28. Bxd4 Bxd4+ 29. Kf1 Ra2 30. Rc4 e5 31. Nc8 Kf8 32. Nd6 Rf2+ 33. Ke1
Be3 34. g4 f4 35. Re4 Rb2 36. Rxe5 Rxb4 37. Re8+ Kg7 38. Nf5+ Kf7 39. Re7+ Kf6
40. Rc7 Rc4 41. Rxc6+ Kg5 42. Nxe3 Re4 43. Rc8 Rxe3+ 44. Kd2 Rxh3 45. c6 Rh2+
46. Kd1 Rh1+ 47. Ke2 Rc1 48. c7 Kh4 49. Kf3 Rc4 50. g5 Kh5 51. g6 Kh6 52. Rh8
Rxc7 53. Rxh7+ Rxh7 54. gxh7 Kxh7 55. Kxf4 1/2-1/2

[Event "Championnat de France - Open C"]
[Site "PAU"]
[Date "2012.08.22"]
[Round "8.10"]
[White "Battistella, Valentin"]
[Black "Verwee, Johann"]
[Result "1/2-1/2"]
[WhiteElo "1696"]
[BlackElo "1749"]
[PlyCount "102"]

1. e4 c5 2. Nc3 Nc6 3. f4 g6 4. Nf3 Bg7 5. Bc4 e6 6. d3 Nge7 7. O-O O-O 8. Bd2
d5 9. Bb3 Na5 10. a3 Nxb3 11. cxb3 dxe4 12. dxe4 b6 13. Qe2 Nc6 14. e5 Nd4 15.
Nxd4 cxd4 16. Ne4 a5 17. Rf3 Bb7 18. Rh3 Bxe4 19. Qxe4 Qd5 20. Qxd5 exd5 21.
Rd3 f6 22. Rxd4 fxe5 23. fxe5 Bxe5 24. Rxd5 Bxb2 25. Ra2 Bg7 26. Be1 Rae8 27.
Bf2 Bh6 28. Rd3 Re6 29. Ra1 Re2 30. Bxb6 Rfe8 31. Bxa5 Be3+ 32. Kh1 Rf8 33. Rd8
Rxd8 34. Bxd8 Rb2 35. b4 Bd4 36. Rd1 Rb3 37. g3 Bc3 38. Be7 Rxa3 39. Rd3 Rb3
40. Kg2 Rb2+ 41. Kf3 Bxb4 42. Bxb4 Rxb4 43. g4 h6 44. Re3 Kf7 45. h3 Kf6 46.
Kg3 g5 47. Kf3 Rf4+ 48. Kg3 Ra4 49. Kf3 Rf4+ 50. Kg3 Ra4 51. Kf3 Rf4+ 1/2-1/2